000 00868nam a2200253Ia 4500
003 OSt
005 20221005112849.0
006 a|||||r|||| 00| 0
007 ta
008 221004b |||||||| |||| 00| 0 pan d
020 _a8100000000 (hbk)
_c300
024 _a117097
037 _b595, 09/02/2012, H.K. Prakashan
_cTextual
040 _aCRL
_cCRL
_bpan
041 _2pan
_apan
082 _aO153,1:g, P4
100 _aਹੁੰਦਲ, ਹਰਭਜਨ ਸਿੰਘ
245 0 _aਕਵੀਤਾਂ ਦੇ ਅੰਗ ਸੰਗ
260 _aਦਿੱਲੀ
_bਐਚ. ਕੇ. ਪ੍ਰਕਾਨ ਭਾਰਤ
_c2004
300 _a280ਪੰ
_ccm.
650 _aਪੰਜਾਬੀ ਸਾਹਿਤ
942 _hO153,1:g, P4
_cTEXL
_2cc
999 _c1026232
_d1026232